Normal view MARC view
  • Rabia Umar Ali

Entry Personal Name

Number of records used in: 2

001 - CONTROL NUMBER

  • control field: 9451

003 - CONTROL NUMBER IDENTIFIER

  • control field: NUST

005 - DATE AND TIME OF LATEST TRANSACTION

  • control field: 20180122102758.0

008 - FIXED-LENGTH DATA ELEMENTS

  • fixed length control field: 180122|| aca||aabn | a|a d

040 ## - CATALOGING SOURCE

  • Original cataloging agency: NUST
  • Transcribing agency: NUST

100 ## - HEADING--PERSONAL NAME

  • Personal name: Rabia Umar Ali

670 ## - SOURCE DATA FOUND

  • Source citation: Work cat.: (NUST)321331: Rabia Umar Ali, Empire in retreat : the story of India's partition, 2012
© 2023 Central Library, National University of Sciences and Technology. All Rights Reserved.